El día en plena noche : mil luminarias: (Lo teatral en la novela: mecanismos de duplicacion interiro en el Quijote) /
Gespeichert in:
| 1. Verfasser: | |
|---|---|
| Format: | Unbekannt |
| Sprache: | Spanish |
| Veröffentlicht: |
Heredia, Costa Rica :
[editor no identificado],
2003.
|
| Schlagworte: | |
| Tags: |
Tag hinzufügen
Keine Tags, Fügen Sie den ersten Tag hinzu!
|
MARC
| LEADER | 000000000a22000000004500 | ||
|---|---|---|---|
| 001 | 008531 | ||
| 041 | 0 | |a spa | |
| 082 | 0 | 4 | |a 863.32D |b B191d |
| 100 | 1 | |a Baltodano Román, Gabriel | |
| 245 | 1 | 3 | |a El día en plena noche : |b mil luminarias: (Lo teatral en la novela: mecanismos de duplicacion interiro en el Quijote) / |c Gabriel Baltodano Román. |
| 260 | 1 | |a Heredia, Costa Rica : |b [editor no identificado], |c 2003. | |
| 300 | |a 156 páginas | ||
| 500 | |a Tesis (Licenciatura en Literatura y Lingüistica con énfasis en Español) | ||
| 650 | 4 | |a DON QUIJOTE DE LA MANCHA | |
| 650 | 4 | |a NOVELA | |
| 650 | 4 | |a FORMAS LITERARIAS | |
| 650 | 4 | |a ORTEGA Y GASSET, JOSE, (1883-1955) | |
| 999 | |c 14092 |d 14092 | ||
| 942 | |c BK |h 863.32D B191d |2 z | ||
